[Event "37th Zalakaros Festival 2018"]
[Site "Zalakaros"]
[Date "2018.05.29"]
[Round "5"]
[White "Krykun, Yuriy"]
[Black "Kareva, Natalia"]
[Result "1-0"]
[WhiteElo "2338"]
[BlackElo "2206"]
[Annotator "ChessBase"]
[PlyCount "131"]
[EventDate "2018.??.??"]
[EventType "swiss"]
[EventCountry "HUN"]
[SourceTitle "playchess.com"]
[Source "ChessBase"]
[SourceQuality "1"]
[TimeControl "40/5400+30:1800+30"]

1. d4 {[%emt 0:01:16]} f5 {[%emt 0:03:41]} 2. g3 {[%emt 0:06:15]} Nf6 {[%emt 0:00:25]} 3. Bg2 {[%emt 0:00:06]} e6 {[%emt 0:00:06]} 4. Nf3 {[%emt 0:00:59]} Be7 {[%emt 0:03:13]} 5. O-O {[%emt 0:00:20]} O-O {[%emt 0:00:04]} 6. c4 {[%emt 0:01:33]} Ne4 {[%emt 0:03:00]} 7. d5 {[%emt 0:01:49]} Bf6 {[%emt 0:00:59]} 8. Nbd2 {[%emt 0:05:48]} Nc5 {[%emt 0:12:43]} 9. Nb3 {[%emt 0:07:08]} Qe7 {[%emt 0:00:58]} 10. Nxc5 {[%emt 0:23:14]} Qxc5 {[%emt 0:00:45]} 11. Qd3 {[%emt 0:00:10]} Na6 {[%emt 0:04:50]} 12. Be3 {[%emt 0:03:39]} Qe7 {[%emt 0:01:19]} 13. Qc2 {[%emt 0:01:32]} Nc5 {[%emt 0:05:40]} 14. Rad1 {[%emt 0:02:36]} a5 {[%emt 0:01:27]} 15. Nd4 {[%emt 0:00:18]} Bxd4 {[%emt 0:02:31]} 16. Bxd4 {[%emt 0:09:08]} e5 {[%emt 0:01:52]} 17. Bxc5 {[%emt 0:05:04]} Qxc5 {[%emt 0:00:19]} 18. d6 {[%emt 0:00:03]} c6 {[%emt 0:09:59]} 19. g4 {[%emt 0:02:17]} b5 {[%emt 0:03:16]} 20. gxf5 {[%emt 0:07:58]} Qxc4 {[%emt 0:01:38]} 21. Qxc4+ {[%emt 0:03:14]} bxc4 {[%emt 0:00:32]} 22. Be4 {[%emt 0:00:16]} Ba6 {[%emt 0:00:28]} 23. Rd2 {[%emt 0:00:14]} Rab8 {[%emt 0:03:37]} 24. f3 {[%emt 0:01:20]} Rb6 {[%emt 0:01:59]} 25. Rc1 {[%emt 0:01:28]} Rfb8 {[%emt 0:00:12]} 26. Rcc2 {[%emt 0:00:09]} Kf7 {[%emt 0:00:26]} 27. Kf2 {[%emt 0:00:12]} Kf6 {[%emt 0:00:14]} 28. Ke1 {[%emt 0:01:18]} a4 {[%emt 0:09:35]} 29. a3 {[%emt 0:04:19]} Rb3 {[%emt 0:00:28]} 30. Rc3 {[%emt 0:01:11]} Rxb2 {[%emt 0:00:19]} 31. Rxb2 {[%emt 0:00:44]} Rxb2 {[%emt 0:00:06]} 32. Bc2 {[%emt 0:00:04]} Bb5 {[%emt 0:04:38]} 33. Kd2 {[%emt 0:01:51]} Ra2 {[%emt 0:04:10]} 34. Kc1 {[%emt 0:00:05]} Ra1+ {[%emt 0:00:04]} 35. Bb1 {[%emt 0:00:25]} Rxb1+ {[%emt 0:00:19]} 36. Kxb1 {[%emt 0:00:01]} Kxf5 {[%emt 0:00:08]} 37. Re3 {[%emt 0:01:36]} g5 {[%emt 0:04:22]} 38. Kc2 {[%emt 0:01:54]} h5 {[%emt 0:01:19]} 39. Kc3 {[%emt 0:02:16]} c5 {[%emt 0:00:15]} 40. Re4 {[%emt 0:00:00]} g4 {[%emt 0:05:35]} 41. Kd2 {[%emt 0:07:23]} c3+ {[%emt 0:17:57]} 42. Kxc3 {[%emt 0:10:33]} Bc6 {[%emt 0:06:26]} 43. Rc4 {[%emt 0:01:28]} Bb5 {[%emt 0:06:02]} 44. fxg4+ {[%emt 0:00:35]} hxg4 {[%emt 0:00:05]} 45. e4+ {[%emt 0:01:21]} Ke6 {[%emt 0:00:04]} 46. Rxc5 {[%emt 0:00:09]} Bc6 {[%emt 0:00:04]} 47. Kd3 {[%emt 0:05:25]} Kxd6 {[%emt 0:00:18]} 48. Rc1 {[%emt 0:00:06]} Bb5+ {[%emt 0:03:21]} 49. Ke3 {[%emt 0:00:19]} Ke6 {[%emt 0:03:56]} 50. Rg1 {[%emt 0:00:20]} d5 {[%emt 0:00:04]} 51. Rxg4 {[%emt 0:00:52]} d4+ {[%emt 0:00:40]} 52. Kd2 {[%emt 0:00:04]} Kf6 {[%emt 0:00:07]} 53. h4 {[%emt 0:09:55]} Bd7 {[%emt 0:01:00]} 54. Rg8 {[%emt 0:00:07]} Bc6 {[%emt 0:00:13]} 55. Kd3 {[%emt 0:03:30]} Bb5+ {[%emt 0:00:05]} 56. Kd2 {[%emt 0:00:03]} Bc6 {[%emt 0:00:04]} 57. Rc8 {[%emt 0:00:36]} Bxe4 {[%emt 0:00:13]} 58. Rc4 {[%emt 0:00:05]} Bf3 {[%emt 0:03:43]} 59. Rxa4 {[%emt 0:00:06]} Ke6 {[%emt 0:00:10]} 60. Rb4 {[%emt 0:01:41]} Kd5 {[%emt 0:00:13]} 61. Rb5+ {[%emt 0:00:04]} Kd6 {[%emt 0:00:23]} 62. a4 {[%emt 0:01:01]} e4 {[%emt 0:01:17]} 63. h5 {[%emt 0:00:22]} e3+ {[%emt 0:01:17]} 64. Kd3 {[%emt 0:00:12]} Bg2 {[%emt 0:05:05]} 65. Kxd4 {[%emt 0:00:13]} Bc6 {[%emt 0:00:16]} 66. Kxe3 {Kd5 Ke4+} 1-0

[Event "37th Zalakaros Festival 2018"]
[Site "Zalakaros"]
[Date "2018.05.29"]
[Round "5"]
[White "Li, Bo"]
[Black "Chernyshov, Konstantin"]
[Result "1/2-1/2"]
[WhiteElo "2319"]
[BlackElo "2478"]
[Annotator "TA"]
[PlyCount "153"]
[EventDate "2018.??.??"]
[EventType "swiss"]
[EventCountry "HUN"]
[SourceTitle "playchess.com"]
[Source "ChessBase"]
[SourceQuality "1"]

{[%evp 22,153,20,8,30,32,37,14,21,23,22,16,21,16,31,6,13,22,6,20,38,11,25,26,11,0,0,0,0,0,0,-10,-8,-15,-12,-25,-11,-14,-8,-8,-5,-10,0,0,0,0,0,-33,-29,-122,-14,-15,-62,-20,0,0,0,0,0,0,0,0,0,0,0,0,0,0,0,-131,-30,-349,-126,-455,-437,-812,-786,-741,-716,-708,-648,-1374,-1385,-1216,-1143,-954,-892,-1210,-745,-2854,-4106,-3412,-2649,-2981,-2737,-1954,-1538,-8499,-1059,-2242,-2284,-8144,-7575,-1282,-6791,-5401,-4678,-2704,-2639,-1192,-1404,-12850,-2464,-29943,-10272,-29967,-29968,-29956,-8,-8,0,-29956,-11552,-29958,-29964,-12835,-12296,-6474,-5077,-5081,-8,-8,0,-8]} 1. d4 Nf6 2. c4 e6 3. g3 d5 4. Nf3 c6 5. Bg2 Nbd7 6. Qc2 Be7 7. Nbd2 O-O 8. O-O b6 9. e4 Bb7 10. e5 Ne8 11. b3 Rc8 12. Bb2 {LiveBook: 40 Games} Rc7 {E09: Closed Catalan: Main Line: 7 Qc2 c6 8 Nbd2} (12... c5 13. dxc5 Nxc5 14. Rfd1 Qc7 15. Rac1 Qb8 16. cxd5 exd5 17. Nf1 Ne4 18. Qe2 Rxc1 19. Rxc1 Nc7 20. Nd4 Ne6 21. Nc6 Bxc6 22. Rxc6 {1-0 (36) Shirov,A (2720)-Vaganian,R (2587) Germany 2006}) 13. Rac1 Qa8 $146 ({Predecessor:} 13... c5 14. Qb1 Qa8 15. Ba3 dxc4 16. bxc4 Qd8 17. Rfe1 cxd4 18. Bxe7 Qxe7 19. Nxd4 Bxg2 20. Kxg2 {1-0 (35) Ayan,B (1862)-Yurdakul,D (1697) Kocaeli 2017}) 14. cxd5 cxd5 15. Qb1 a5 16. h4 Ba6 17. Rfe1 g6 18. Bf1 Nb8 19. Rxc7 Nxc7 20. Rc1 Rc8 21. Rc2 Ne8 22. Rxc8 Bxc8 23. Qc1 Qc6 24. Qxc6 Nxc6 25. Nb1 Nc7 26. Ne1 Ba6 27. Nc2 f6 28. f4 fxe5 29. fxe5 Bxf1 30. Kxf1 b5 31. Ke2 Kg7 32. Bc1 b4 33. Kd3 Nb5 34. a4 (34. Be3 {feels hotter.} g5 35. h5 g4 36. Bc1 h6 37. a4) 34... bxa3 $1 35. Bxa3 (35. Nbxa3 $11 Nc7 36. Nb1) 35... Bxa3 (35... g5 $1 $17 36. Bxe7 Nxe7) 36. Nbxa3 $11 Nxa3 37. Nxa3 $15 {[%mdl 4096] Endgame KN-KN} g5 38. h5 g4 {Threatens to win with ...Ne7.} 39. Nb5 Kh6 40. Nc7 Nd8 41. Ne8 $1 Kxh5 {Hoping for ...Kg5.} 42. Nf6+ Kg6 {aiming for ...h5.} 43. Nxg4 h5 44. Nf6 Nc6 45. Nd7 (45. Ng8 $11 {keeps the balance.}) 45... Ne7 ({Black should try} 45... Kg5 $1 $17 46. Nf6 Ne7) 46. Nf6 $2 {[%mdl 8192]} (46. Ke2 $11 {and White has nothing to worry.}) 46... Kg5 $2 (46... Kh6 $1 $19 {[%cal Rh6g6] is more deadly.} 47. Kc3 Kg5 48. Nh7+ Kg6 49. Nf8+ Kf7) 47. Nh7+ $2 {[%mdl 8192]} (47. Ne8 $17 {is tougher.}) 47... Kf5 $1 $19 {[%cal Rf5g6]} 48. Nf6 (48. Kd2 $142 Kg6 49. Nf8+ Kf7 50. Nh7) 48... Kg6 $1 {[%cal Rg6h6]} 49. Nd7 Nf5 50. Nc5 Kf7 51. Nb7 Nxg3 52. Ke3 Nf5+ 53. Kf4 Nxd4 54. Nxa5 Kg6 55. b4 h4 56. Kg4 {[#]} h3 $1 {[%mdl 512]} 57. Kxh3 Kf5 58. Kg3 Kxe5 59. Kf2 Ke4 (59... Kf4 $142 60. Ke1 Ke3) 60. Nb7 Kd3 61. Nc5+ Kc4 62. Ke3 e5 {[%cal Be6e5,Be5e4][%mdl 32]} 63. Nd7 Nf5+ 64. Kf3 e4+ $1 65. Kf4 Nd6 66. Nf6 Kd4 (66... d4 $142 67. Kg3 Kc3) 67. Ng4 Kd3 68. Ke5 d4 $1 69. Nf2+ {[#]} Ke3 $2 (69... Kc4 $1 {mates} 70. Kxd6 e3 71. Ng4 e2 72. Ne5+ Kxb4 73. Kc6 Kc3 74. Nf3 d3 75. Kb6 d2 76. Nxd2 e1=Q 77. Nf3 Qf2+ 78. Kc7 Qxf3 79. Kd7 Qf6 80. Kc8 Kd4 81. Kc7 Kc5 82. Kb8 Qf7 83. Kc8 Kc6 84. Kd8 Qf8#) 70. Nd1+ $11 Kd3 71. Nb2+ $2 {[%mdl 8192] [#]} (71. Nf2+ $11 Kc4 72. Ng4) 71... Kd2 $1 72. Kxd4 e3 73. Nd3 e2 74. Ne5 Nb5+ 75. Kc4 Nc7 $2 (75... Na3+ $19 76. Kd5 Nc2) 76. Nf3+ Ke3 77. Ne1 {Precision: White = 28%, Black = 48%.} 1/2-1/2

[Event "37th Zalakaros Festival 2018"]
[Site "Zalakaros"]
[Date "2018.05.29"]
[Round "5"]
[White "Ianov, Viktor"]
[Black "Horak, Jiri"]
[Result "1/2-1/2"]
[WhiteElo "2285"]
[BlackElo "2131"]
[Annotator "NA"]
[PlyCount "64"]
[EventDate "2018.??.??"]
[EventType "swiss"]
[EventCountry "HUN"]
[SourceTitle "playchess.com"]
[Source "ChessBase"]
[SourceQuality "1"]
[TimeControl "40/5400+30:1800+30"]

1. c4 {[%emt 0:00:30]} e6 {[%emt 0:00:38]} 2. g3 {[%emt 0:00:08]} d5 {[%emt 0:00:03]} 3. Bg2 {[%emt 0:00:11]} Nf6 {[%emt 0:00:14]} 4. Nf3 {[%emt 0:00:09]} c6 {[%emt 0:00:20]} 5. Qc2 {[%emt 0:00:15]} Nbd7 {[%emt 0:00:52]} 6. O-O {[%emt 0:00:11]} Be7 {[%emt 0:00:21]} 7. d4 {[%emt 0:00:08]} Ne4 {[%emt 0:00:56]} 8. Rd1 {[%emt 0:01:46]} O-O {[%emt 0:00:34]} 9. Nc3 {[%emt 0:00:33]} f5 {[%emt 0:02:16]} 10. b3 {[%emt 0:00:43]} Ndf6 {[%emt 0:02:11]} 11. Ne5 {[%emt 0:01:05]} Bd7 {[%emt 0:01:30]} 12. Bb2 {[%emt 0:00:49]} Be8 {[%emt 0:02:01]} 13. Rac1 {[%emt 0:01:44]} Nd7 {[%emt 0:05:35]} 14. Nd3 {[%emt 0:02:09]} g5 {[%emt 0:04:25]} 15. f3 {[%emt 0:02:13]} Nxc3 {[%emt 0:00:22]} 16. Bxc3 {[%emt 0:00:09]} Bg6 {[%emt 0:03:40]} 17. Qd2 {[%emt 0:03:52]} Rf7 {[%emt 0:06:19]} 18. Qe3 {[%emt 0:01:52]} Nf8 {[%emt 0:19:34]} 19. Ne5 {[%emt 0:04:46]} Rg7 {[%emt 0:00:31]} 20. Qd2 {[%emt 0:03:49]} Nd7 {[%emt 0:05:23]} 21. Nxg6 {[%emt 0:01:38]} Rxg6 {[%emt 0:00:30]} 22. e4 {[%emt 0:00:03]} Nf6 {[%emt 0:05:11]} 23. cxd5 {[%emt 0:02:42]} cxd5 {[%emt 0:00:09]} 24. e5 {[%emt 0:05:30]} Ne8 {[%emt 0:03:36]} 25. Bf1 {[%emt 0:00:38]} Rg7 {[%emt 0:01:05]} 26. Ba5 {[%emt 0:01:38]} b6 {[%emt 0:03:25]} 27. Bc3 {[%emt 0:00:16]} g4 {[%emt 0:04:50]} 28. f4 {[%emt 0:03:06]} Ba3 {[%emt 0:04:24]} 29. Bb2 {[%emt 0:00:16]} Bxb2 {[%emt 0:00:16]} 30. Qxb2 {[%emt 0:00:09]} Rc8 {[%emt 0:00:13]} 31. Ba6 {[%emt 0:02:41]} Rxc1 {[%emt 0:00:15]} 32. Rxc1 {[%emt 0:00:09]} Rc7 {[%emt 0:00:14]} 1/2-1/2

[Event "37th Zalakaros Festival 2018"]
[Site "Zalakaros"]
[Date "2018.05.29"]
[Round "5"]
[White "Marosi, Levente"]
[Black "Kosztolanczi, Gyula"]
[Result "1-0"]
[WhiteElo "2277"]
[BlackElo "2130"]
[Annotator "TA"]
[PlyCount "153"]
[EventDate "2018.??.??"]
[EventType "swiss"]
[EventCountry "HUN"]
[SourceTitle "playchess.com"]
[Source "ChessBase"]
[SourceQuality "1"]

{[%evp 20,153,27,-3,77,70,68,79,67,63,114,122,124,88,83,87,139,0,23,-41,11,13,0,0,0,0,101,56,88,102,85,100,76,0,0,0,0,0,0,0,0,-29,-29,-29,-29,-22,-28,-29,0,0,0,0,0,0,0,0,0,0,0,0,0,0,68,0,0,0,104,100,93,90,102,113,204,204,204,198,227,190,192,92,92,92,99,99,99,99,99,99,100,100,100,86,1817,1701,1701,1592,12834,12834,6621,836,12838,12838,12839,12839,12839,12838,12839,12840,12840,12841,12841,12839,12839,12840,12840,12841,12841,12841,12845,12846,12851,12851,12851,12851,29973,29971,29976,29977,29982,29983,29985,29986,29986,29987,29991,29992]} 1. e4 d5 2. exd5 Qxd5 3. Nc3 Qd6 4. d4 Nf6 5. Nf3 c6 6. Ne5 Nbd7 {B01: Scandinavian Defence} 7. Nc4 Qc7 8. Qf3 Nb6 9. Bf4 Qd7 10. Nxb6 axb6 11. O-O-O {LiveBook: 29 Games} Qg4 (11... Qd8 $11 {keeps the balance.} 12. Qe3 e6) (11... Qd8 12. h3 e6 13. Bc4 Be7 14. g4 {½-½ (32) Grischuk,A (2750)-Rapport,R (2698) chess.com INT 2017}) 12. Qe3 $16 Qe6 13. d5 Qxe3+ 14. Bxe3 c5 $146 (14... e6 $14) 15. Bf4 g6 16. Nb5 Rxa2 17. Kb1 Ra4 ({Black should play} 17... Ra5) 18. Bc7 ({White must play} 18. Be5 $1 $16 {Hoping for Nd6+!} Bg7 19. d6) 18... Ne4 19. b3 (19. Bxb6 $11 Bg7 20. d6 exd6 21. Nxd6+ Nxd6 22. Rxd6) 19... Nxf2 (19... Rb4 $15 20. Bc4 Nxf2 21. Bxb6 Nxh1 22. Bxc5 e5 23. Bxb4 Bxb4 24. Rxh1 Ke7) 20. bxa4 $11 {Strongly threatening Re1.} Nxd1 21. Bxb6 Bg7 22. Bxc5 Bf5 (22... Bd7 $11) 23. Bd3 {aiming for Bxf5.} (23. d6 {looks sharper.} b6 24. Bxb6 Kd7 25. dxe7 Kxe7 26. Bc5+) 23... Bxd3 24. cxd3 Nc3+ 25. Nxc3 Bxc3 $16 {[%mdl 4096] Endgame KRB-KRB} 26. d4 (26. Ka2 $16 {Rb1 is the strong threat.} Kd7 27. Rb1) 26... Kd7 $11 27. Kc2 Ba5 28. Rb1 Rb8 29. Kd3 {Black should prevent Ba7.} Bc7 30. h3 b6 31. Bb4 Ra8 32. Ra1 Bd6 33. Bd2 Kc7 34. Kc4 Kb7 35. Kb5 Rd8 36. Rf1 f6 37. Re1 Be5 38. Bc3 Bd6 39. Re6 Rd7 40. Bd2 Bc7 (40... h5 $11) 41. Kc4 (41. Bb4 $1 $14) 41... Bd6 42. Kb5 Rc7 (42... Bc7 $11) 43. Bb4 $16 Bxb4 44. Kxb4 {KR-KR} Rd7 45. d6 Rxd6 (45... exd6 $16 46. Rxf6 Kc6) 46. Rxe7+ $18 Kc6 47. Kc4 h5 {[#]} 48. Rg7 $1 g5 49. g4 (49. Rh7 $18) 49... hxg4 $16 50. hxg4 Rd8 51. Rf7 Rd6 {[#]} 52. Re7 $1 Rd8 53. Re6+ Kc7 54. Rxf6 {And now Rf7+ would win.} Ra8 55. Rf7+ Kc6 $2 {[%mdl 8192]} (55... Kd6 $16) 56. d5+ $18 Kd6 57. Rf6+ Ke7 58. Re6+ Kd7 59. Kb3 (59. Rxb6 $142 Rxa4+ 60. Rb4) 59... Rf8 60. Rxb6 Rf3+ 61. Kb4 Rf4+ 62. Kb5 Rxg4 63. a5 Rd4 64. Kc5 Ra4 65. Ra6 g4 66. Ra7+ Kc8 67. Kc6 {[%cal Ra7a8]} Rc4+ 68. Kd6 Ra4 69. Rg7 Rxa5 70. Rg8+ Kb7 71. Rxg4 Ra6+ 72. Kd7 {White mates.} Rh6 73. Rb4+ Ka7 74. d6 {[%cal Bd5d6,Bd6d7][%mdl 32]} Rh7+ 75. Kc6 Rh1 76. d7 Rd1 77. Rb5 {Precision: White = 68%, Black = 43%.} 1-0

[Event "37th Zalakaros Festival 2018"]
[Site "Zalakaros"]
[Date "2018.05.29"]
[Round "5"]
[White "Doric, Nenad"]
[Black "Gombocz, Ferenc Jr"]
[Result "1-0"]
[WhiteElo "2250"]
[BlackElo "2077"]
[Annotator "NA"]
[PlyCount "53"]
[EventDate "2018.??.??"]
[EventType "swiss"]
[EventCountry "HUN"]
[SourceTitle "playchess.com"]
[Source "ChessBase"]
[SourceQuality "1"]
[TimeControl "40/5400+30:1800+30"]

1. e4 {[%emt 0:00:10]} e5 {[%emt 0:00:41]} 2. Nf3 {[%emt 0:00:13]} Nf6 {[%emt 0:00:06]} 3. Nxe5 {[%emt 0:00:42]} d6 {[%emt 0:00:07]} 4. Nf3 {[%emt 0:00:13]} Nxe4 {[%emt 0:00:07]} 5. d4 {[%emt 0:00:37]} d5 {[%emt 0:00:15]} 6. Bd3 {[%emt 0:00:26]} Nc6 {[%emt 0:00:08]} 7. O-O {[%emt 0:00:29]} Be7 {[%emt 0:00:06]} 8. c4 {[%emt 0:00:24]} Nb4 {[%emt 0:00:27]} 9. cxd5 {[%emt 0:00:36]} Nxd3 {[%emt 0:00:11]} 10. Qxd3 {[%emt 0:00:09]} Qxd5 {[%emt 0:00:09]} 11. Re1 {[%emt 0:00:14]} Bf5 {[%emt 0:00:43]} 12. Ne5 {[%emt 0:00:26]} O-O {[%emt 0:16:48]} 13. Nc3 {[%emt 0:01:40]} Nxc3 {[%emt 0:00:36]} 14. Qxf5 {[%emt 0:00:28]} Nb5 {[%emt 0:02:00]} 15. Ng6 {[%emt 0:00:57]} Qxf5 {[%emt 0:12:02]} 16. Nxe7+ {[%emt 0:01:39]} Kh8 {[%emt 0:00:05]} 17. Nxf5 {[%emt 0:00:10]} g6 {[%emt 0:00:28]} 18. a4 {[%emt 0:01:35]} Nd6 {[%emt 0:06:35]} 19. Nxd6 {[%emt 0:01:00]} cxd6 {[%emt 0:00:10]} 20. Bf4 {[%emt 0:00:15]} d5 {[%emt 0:01:40]} 21. Re7 {[%emt 0:00:27]} b6 {[%emt 0:01:04]} 22. Rc1 {[%emt 0:00:59]} Kg7 {[%emt 0:01:40]} 23. Rcc7 {[%emt 0:02:16]} a6 {[%emt 0:00:48]} 24. Be5+ {[%emt 0:00:50]} Kg8 {[%emt 0:00:08]} 25. Red7 {[%emt 0:00:26]} b5 {[%emt 0:03:21]} 26. a5 {[%emt 0:01:27]} Rac8 {[%emt 0:02:54]} 27. Rxf7 {[%emt 0:01:37]} 1-0

[Event "37th Zalakaros Festival 2018"]
[Site "Zalakaros"]
[Date "2018.05.29"]
[Round "5"]
[White "Suta, Andraz"]
[Black "Tompa, Janos"]
[Result "0-1"]
[WhiteElo "2212"]
[BlackElo "2372"]
[Annotator "NA"]
[PlyCount "62"]
[EventDate "2018.??.??"]
[EventType "swiss"]
[EventCountry "HUN"]
[SourceTitle "playchess.com"]
[Source "ChessBase"]
[SourceQuality "1"]
[TimeControl "40/5400+30:1800+30"]

1. e4 {[%emt 0:00:03]} c5 {[%emt 0:00:41]} 2. Nf3 {[%emt 0:00:05]} e6 {[%emt 0:00:10]} 3. d4 {[%emt 0:00:04]} cxd4 {[%emt 0:00:06]} 4. Nxd4 {[%emt 0:00:03]} Bc5 {[%emt 0:00:08]} 5. Nb3 {[%emt 0:04:14]} Bb6 {[%emt 0:00:49]} 6. Bd3 {[%emt 0:02:05]} Ne7 {[%emt 0:00:29]} 7. Qe2 {[%emt 0:04:19]} Nbc6 {[%emt 0:04:01]} 8. Nc3 {[%emt 0:14:23]} O-O {[%emt 0:04:50]} 9. Be3 {[%emt 0:07:19]} f5 {[%emt 0:12:16]} 10. Bxb6 {[%emt 0:14:39]} Qxb6 {[%emt 0:00:12]} 11. exf5 {[%emt 0:00:18]} Nxf5 {[%emt 0:00:18]} 12. O-O-O {[%emt 0:00:24]} Nb4 {[%emt 0:15:42]} 13. g3 {[%emt 0:10:46]} Nxd3+ {[%emt 0:07:12]} 14. Rxd3 {[%emt 0:01:30]} a5 {[%emt 0:01:00]} 15. a3 {[%emt 0:10:09]} d5 {[%emt 0:02:58]} 16. Rhd1 {[%emt 0:01:50]} Bd7 {[%emt 0:00:53]} 17. f4 {[%emt 0:01:26]} Rac8 {[%emt 0:04:47]} 18. g4 {[%emt 0:02:46]} Nd6 {[%emt 0:03:15]} 19. f5 {[%emt 0:01:12]} Nc4 {[%emt 0:00:26]} 20. fxe6 {[%emt 0:00:43]} Bxe6 {[%emt 0:01:21]} 21. a4 {[%emt 0:08:59]} Rf2 {[%emt 0:19:36]} 22. Qe1 {[%emt 0:00:36]} Rxh2 {[%emt 0:00:30]} 23. Nxd5 {[%emt 0:02:11]} Bxd5 {[%emt 0:00:15]} 24. Rxd5 {[%emt 0:02:58]} Ne3 {[%emt 0:02:48]} 25. R5d2 {[%emt 0:03:23]} Rxc2+ {[%emt 0:00:55]} 26. Kb1 {[%emt 0:01:03]} Rhxd2 {[%emt 0:00:38]} 27. Rxd2 {[%emt 0:00:46]} Qxb3 {[%emt 0:00:08]} 28. Rxc2 {[%emt 0:00:08]} Qxc2+ {[%emt 0:00:07]} 29. Ka2 {[%emt 0:00:06]} Qxa4+ {[%emt 0:00:16]} 30. Kb1 {[%emt 0:00:04]} Qd1+ {[%emt 0:00:32]} 31. Ka2 {[%emt 0:00:05]} Qxe1 {[%emt 0:00:06]} 0-1

[Event "37th Zalakaros Festival 2018"]
[Site "Zalakaros"]
[Date "2018.05.29"]
[Round "5"]
[White "Karacsonyi, Gellert"]
[Black "Zentai, Peter"]
[Result "1-0"]
[WhiteElo "2208"]
[BlackElo "2327"]
[Annotator "NA"]
[PlyCount "47"]
[EventDate "2018.??.??"]
[EventType "swiss"]
[EventCountry "HUN"]
[SourceTitle "playchess.com"]
[Source "ChessBase"]
[SourceQuality "1"]
[TimeControl "40/5400+30:1800+30"]

1. e4 {[%emt 0:00:02]} e6 {[%emt 0:01:02]} 2. d4 {[%emt 0:00:07]} d5 {[%emt 0:00:03]} 3. e5 {[%emt 0:00:09]} c5 {[%emt 0:00:05]} 4. c3 {[%emt 0:00:05]} Nc6 {[%emt 0:00:26]} 5. Nf3 {[%emt 0:00:06]} Bd7 {[%emt 0:01:08]} 6. Be2 {[%emt 0:02:08]} f6 {[%emt 0:01:27]} 7. O-O {[%emt 0:01:41]} fxe5 {[%emt 0:01:14]} 8. Nxe5 {[%emt 0:03:08]} Nxe5 {[%emt 0:00:47]} 9. dxe5 {[%emt 0:00:13]} Qc7 {[%emt 0:01:31]} 10. Bf4 {[%emt 0:02:39]} O-O-O {[%emt 0:02:29]} 11. b4 {[%emt 0:04:51]} Ne7 {[%emt 0:06:14]} 12. bxc5 {[%emt 0:19:13]} Ng6 {[%emt 0:31:33]} 13. Bg3 {[%emt 0:01:07]} Bxc5 {[%emt 0:03:32]} 14. Nd2 {[%emt 0:00:53]} Nxe5 {[%emt 0:12:07]} 15. c4 {[%emt 0:01:52]} Bc6 {[%emt 0:01:05]} 16. cxd5 {[%emt 0:02:48]} exd5 {[%emt 0:02:45]} 17. Nb3 {[%emt 0:01:02]} Bd6 {[%emt 0:00:14]} 18. Nd4 {[%emt 0:00:39]} Rde8 {[%emt 0:04:41]} 19. Rc1 {[%emt 0:03:59]} Kb8 {[%emt 0:04:04]} 20. Bb5 {[%emt 0:06:03]} Rc8 {[%emt 0:17:13]} 21. Bxc6 {[%emt 0:02:46]} bxc6 {[%emt 0:00:41]} 22. Nb5 {[%emt 0:00:13]} Qd7 {[%emt 0:02:33]} 23. Nxd6 {[%emt 0:00:19]} Qxd6 {[%emt 0:00:05]} 24. Qd4 {[%emt 0:00:28]} 1-0

[Event "37th Zalakaros Festival 2018"]
[Site "Zalakaros"]
[Date "2018.05.29"]
[Round "5"]
[White "Biro, Sandor"]
[Black "Vanczak, Tamas"]
[Result "0-1"]
[WhiteElo "2191"]
[BlackElo "2303"]
[Annotator "TA"]
[PlyCount "132"]
[EventDate "2018.??.??"]
[EventType "swiss"]
[EventCountry "HUN"]
[SourceTitle "playchess.com"]
[Source "ChessBase"]
[SourceQuality "1"]

{[%evp 16,132,-62,-56,-30,-46,-25,-44,-35,-28,-38,-43,-30,-30,-47,-259,-282,-274,-268,-327,-298,-328,-332,-336,-329,-355,-341,-355,-342,-385,-388,-385,-359,-365,-305,-318,-281,-286,-265,-266,-214,-251,-236,-251,-206,-237,-237,-259,-252,-277,-268,-329,-326,-1128,-1106,-1112,-1118,-1109,-1102,-1087,-739,-458,-83,-78,-73,-82,-80,-80,-80,-80,-83,-81,-80,-75,-81,-83,-81,-72,-72,-72,-64,-153,-122,-185,-145,-152,-77,-1266,-1094,-986,-560,-1208,-549,-12849,-6705,-29969,-29973,-29973,-29976,-29974,-29977,-29976,-29976,-29976,-29975,-29984,-29984,-29985,-29985,-29985,-29984,-29985,-29980,-29980,-29981,-29981,-29982,-29982,-29983]} 1. e4 c5 2. d4 cxd4 3. c3 dxc3 4. Nxc3 e6 5. Bc4 a6 6. Nf3 b5 7. Bb3 Nc6 8. O-O Bb7 9. Qe2 {LiveBook: 7 Partien. B21: Sizilianisch (Morra-Gambit 2.d4 und 2.f4)} Rc8 (9... Nge7 10. Rd1 Ng6 11. Be3 Na5 12. Rd2 d6 13. Rad1 Rc8 14. Bd4 Nxb3 15. axb3 Qc7 16. Qe3 Ba8 {½-½ (36) Brodda,W (2607)-Lecroq,M (2608) ICCF email 2013}) 10. Bf4 Nge7 $146 ({Vorgänger:} 10... Na5 11. Bc2 Bc5 12. Rfd1 Ne7 13. e5 Ng6 14. Bg5 Bxf3 15. Bxd8 Bxe2 16. Bxa5 Bxd1 17. Rxd1 Nxe5 {0-1 (25) Jaumandreu Llopis,A (1543)-Martinez Rubio,F (1806) Madrid 2015}) 11. Rad1 {Schwarz hat minimalen Vorteil.} Ng6 $1 {[%cal Rg6f4]} 12. Bg3 Be7 13. h4 Nxh4 14. Nxh4 Bxh4 15. Qh5 $2 (15. Bxe6 $1 $15 fxe6 16. Qh5+ g6 17. Qxh4) 15... Bxg3 $19 16. fxg3 {[%csl Gf1][%cal Rh5f7]} O-O 17. Rf4 Qe7 18. Rh4 {[%csl Gh4][%cal Rh5h7]} h6 19. Rg4 {und nun wäre Dxh6 stark für Weiss.} Kh8 20. Kh2 d6 21. Rf4 Ne5 22. Rdf1 Qg5 23. Qe2 Rfe8 24. Nd1 Qg6 25. Nf2 d5 26. exd5 exd5 27. Qd1 Qe6 28. Qd4 Ng6 29. Rf3 Qe5 30. Qb6 Qc7 ({Nicht} 30... Qxb2 $2 31. Nd3 $18) 31. Qd4 Ne5 32. Rf5 Nc4 33. Ng4 Re4 34. Qxe4 $2 (34. Qf2 Nd6 35. Rf4) 34... dxe4 35. Rxf7 Qc6 36. Bxc4 bxc4 37. Ne5 Qe6 38. Re7 Qd5 $2 (38... Qxe7 $2 39. Ng6+ Kh7 40. Nxe7 $19) (38... Qb6 $19 39. Rff7 Qxb2 40. Ng6+ Kh7 41. Rxb7 Qxb7 $1 {[%mdl 512]} 42. Nf8+ Rxf8 $1 {[%mdl 512]} 43. Rxb7 Rf1) 39. Rff7 $17 {Weiss droht Sg6+ und Matt.} Qd4 40. Rxg7 {[%cal Re5g6] [#]} Qxe5 $1 {[%mdl 512]} 41. Rh7+ (41. Rxe5 Kxg7) 41... Kg8 42. Rxe5 Kxh7 {[%mdl 4096] Endspiel KTL-KT} 43. Re7+ Kg6 44. Rxb7 {KT-KT} Kf5 45. Kg1 Rd8 46. Kf2 Rd2+ 47. Ke3 Rxg2 48. Kd4 (48. Rf7+ $15 Ke6 49. Rf4) 48... Rd2+ 49. Kxc4 {[#]} (49. Kc3 $17 {ist eine bessere Verteidigung.} e3 50. Re7) 49... h5 $1 $19 50. a4 e3 ({Besser ist} 50... Kg4 51. Rb3 a5) 51. b4 $2 {[%mdl 8192]} (51. Re7 $17) 51... Kg4 52. Re7 Kf3 {Droht ...e2 und aus.} 53. Kc3 Rd6 (53... Rd1 $142 {Droht stark ...e2.} 54. Rf7+ Kxg3 55. Rg7+ Kf2 56. Rf7+ Ke2) 54. b5 axb5 55. axb5 e2 {Schwarz setzt Matt.} 56. Rf7+ Kxg3 57. Re7 Kf2 58. Rf7+ Ke1 59. Kc2 Rd5 60. Rb7 Rc5+ 61. Kb2 h4 62. b6 h3 63. Rh7 Rb5+ 64. Kc2 Rxb6 65. Rxh3 Rc6+ 66. Kd3 Kd1 {Precision: Weiß = 24%, Schwarz = 71%.} 0-1